[Event "IECG TG.2003.0.15032"]
[Site "IECG email"]
[Date "2003.11.02"]
[Round "1"]
[White "Eubank, Donald"]
[Black "Weidinger, Ingo"]
[Result "1-0"]
[WhiteElo "800"]
[BlackElo "800"]
[PlyCount "73"]
[EventDate "2003.11.02"]
[EventType "match (corr)"]
[EventRounds "2"]
[SourceTitle "Corr 2008"]
[Source "ChessBase"]
[SourceDate "2008.06.24"]
[SourceVersion "1"]
[SourceVersionDate "2008.06.24"]
[SourceQuality "1"]

1. e4 e5 2. Nf3 d6 3. Nc3 Nf6 4. Bb5+ Nc6 5. Bxc6+ bxc6 6. d3 c5 7. Bd2 Bg4 8. 0-0 Qb8 9. b3 a5 10. Qe1 Nh5 11. Nd5 Be7 12. Nxe7 a4 13. Nd5 axb3 14. axb3 0-0 15. Ba5 c6 16. Bc7 Qb7 17. Bxd6 cxd5 18. Bxf8 Rxf8 19. Nxe5 Qc8 20. f3 Be6 21. f4 dxe4 22. dxe4 Re8 23. Rf3 g6 24. Ra5 Nf6 25. Re3 c4 26. bxc4 Bxc4 27. Rc3 Qb7 28. Rxc4 Rd8 29. Rac5 Qa6 30. Rc6 Qa8 31. Rxf6 h6 32. Rc7 Qa2 33. Nxf7 Kg7 34. Rxg6+ Kxg6 35. Ne5+ Kf6 36. Qh4+ Ke6 37. Qxh6# 1-0